=LDR 00000nam 2200000 4500 =001 INLIS000000000023508 =005 20130612122152 =008 ***********************************ind** =035 ##$$0010-061300000023508 =041 ##$$a ind =082 ##$$a 372.832 =090 ##$$a 372.832, SRI p =100 ##$$a Srinatun =245 ##$$a Pendidikan Pancasila dan Kewarganegaraan (PPKN) 3a, Srinatun, Zaenuri, Yunus Anis =260 ##$$a 2000 $b Semarang =300 ##$$a viii, 48 hlm., ilus., 54 cm =650 ##$$a Pendidikan Pancasila =700 ##$$a Zaenuri =850 ##$$a NBPNMAT